Department for Environment, Food and Rural Affairs, and Rural Payments Agency (Record no. 106079)

MARC details
000 -LEADER
fixed length control field 01470cam a2200229 4500
001 - CONTROL NUMBER
control field ##L135486
008 - FIXED-LENGTH DATA ELEMENTS--GENERAL INFORMATION
fixed length control field 061030n2006 000 0 eng u
020 ## - INTERNATIONAL STANDARD BOOK NUMBER
International Standard Book Number 0102943397
035 ## - SYSTEM CONTROL NUMBER
System control number (Sirsi) u135486
041 0# - LANGUAGE CODE
Language code of text/sound track or separate title eng
050 04 - LIBRARY OF CONGRESS CALL NUMBER
Classification number 338.181 $2 18
110 1# - MAIN ENTRY--CORPORATE NAME
Corporate name or jurisdiction name as entry element United Kingdom
Subordinate unit National Audit Office
9 (RLIN) 1350
245 00 - TITLE STATEMENT
Title Department for Environment, Food and Rural Affairs, and Rural Payments Agency
Remainder of title the delays in administering the 2005 single payment scheme in England
260 ## - PUBLICATION, DISTRIBUTION, ETC.
Place of publication, distribution, etc. London
Name of publisher, distributor, etc. TSO
Date of publication, distribution, etc. 2006
490 #0 - SERIES STATEMENT
Series statement House of Commons Paper
Volume/sequential designation 1631 2005-06
520 ## - SUMMARY, ETC.
Summary, etc. Reviews the implementation by the Rural Payment Agency (RPA) and DEFRA of the European Union's single payment scheme in England. The implementation had cost £122.3m by the end of March 2006. RPA encountered difficulties in processing £1515m payments due under the scheme and failed to meet its own target to pay 96% of that sum by the end of March 2006. These difficulties encountered in making payments have caused distress to a significant minority of farmers, cost farmers money additional interest and bank charges and undermined the farming industry's confidence in the agency. RPA had underestimated the amount of work involved.
590 ## - LOCAL NOTE (RLIN)
Local note IKA311006
651 #4 - SUBJECT ADDED ENTRY--GEOGRAPHIC NAME
Geographic name England
Chronological subdivision 886-
690 ## - LOCAL SUBJECT ADDED ENTRY--TOPICAL TERM (OCLC, RLIN)
Topical term or geographic name as entry element ENVIRONMENTAL AND LAND CONSULTANCY-AGRIBUSINESS-AGRICULTURE
856 40 - ELECTRONIC LOCATION AND ACCESS
Uniform Resource Identifier <a href="https://www.nao.org.uk/pn/05-06/05061631.htm">https://www.nao.org.uk/pn/05-06/05061631.htm</a>
Public note View the report free of charge at www.nao.org.uk...
942 ## - ADDED ENTRY ELEMENTS (KOHA)
Suppress in OPAC 0
Holdings
Withdrawn status Lost status Source of classification or shelving scheme Damaged status Not for loan Home library Current library Shelving location Date acquired Total Checkouts Full call number Barcode Date last seen Copy number Price effective from Koha item type
    Dewey Decimal Classification     Virtual Virtual Online 30/10/2006   ONLINE PUBLICATION 135486-2001 06/08/2019 1 06/08/2019 Book